LEADER 03452nam 2200709 a 450 001 9910462119003321 005 20200520144314.0 010 $a1-280-69861-6 010 $a9786613675576 010 $a90-04-21666-9 024 7 $a10.1163/9789004216662 035 $a(CKB)2670000000193835 035 $a(EBL)939321 035 $a(OCoLC)796384433 035 $a(SSID)ssj0000677455 035 $a(PQKBManifestationID)11414844 035 $a(PQKBTitleCode)TC0000677455 035 $a(PQKBWorkID)10694157 035 $a(PQKB)10033532 035 $a(MiAaPQ)EBC939321 035 $a(nllekb)BRILL9789004216662 035 $a(PPN)174543859$9sudoc 035 $a(PPN)170436039 035 $a(Au-PeEL)EBL939321 035 $a(CaPaEBR)ebr10569488 035 $a(CaONFJC)MIL367557 035 $a(EXLCZ)992670000000193835 100 $a20120227d2012 uy 0 101 0 $aeng 135 $aur|n|---||||| 181 $ctxt 182 $cc 183 $acr 200 14$aThe Epistle of the eloquent clarification concerning the refutation of Ibn Qutayba$b[electronic resource] /$fal-Qadi al-Nu'man b. Muhammad ; critical edition with an introduction by Avraham Hakim 210 $aLeiden ;$aBoston [Mass.] $cBrill$d2012 215 $a1 online resource (216 p.) 225 1 $aIslamic history and civilization,$x0929-2403 ;$vv. 90 300 $aDescription based upon print version of record. 311 $a90-04-20981-6 320 $aIncludes bibliographical references and index. 327 $tPreliminary Material /$rAvraham Hakim --$tIntroduction /$rAvraham Hakim --$tAbbreviations and Bibliography /$rAvraham Hakim --$tArabic Text with References and Index /$rAvraham Hakim. 330 $aThis is an edition of an early Shiite/Fatimid Arabic epistle that includes a controversy pertaining to several issues on Islamic law. Al-Qadi al-Nu'man (d. 363/974), the most famoust jurist of the early Fatimid period refutes the illustrious Ibn Qutayba (d. 276/889). In his book Adab al-Katib, Ibn Qutayba claimed that it was enough for civil servants (kuttab) to memorize a few legal formulas in order to be able to effectively do their work without the need of long dissertations on law from jurists. In the introduction to his epistle, al-Nu'man claims that without these dissertations the civil servants would not be able to apply the law correctly. Following this, al-Nu'man launches lengthy dissertations on each one of the succinct formulas listed by Ibn Qutayba. The main argument of al-Nu'man is that the only lawgivers in Islam are the prophet Muhammad and the Imams descendents of Ali (until the seventh Imam). 410 0$aIslamic history and civilization ;$vv. 90. 606 $aIslamic law$vEarly works to 1800 606 $aIsmailites$vEarly works to 1800 606 $aIslam$xDoctrines$vEarly works to 1800 606 $aPillars of Islam$vEarly works to 1800 608 $aElectronic books. 615 0$aIslamic law 615 0$aIsmailites 615 0$aIslam$xDoctrines 615 0$aPillars of Islam 676 $a340.5/9 700 $aNu?ma?n ibn Muh?ammad$b Abu? H?ani?fah$fd. 974.$0971450 701 $aH?akim$b Avraham$0971451 801 0$bMiAaPQ 801 1$bMiAaPQ 801 2$bMiAaPQ 906 $aBOOK 912 $a9910462119003321 996 $aThe Epistle of the eloquent clarification concerning the refutation of Ibn Qutayba$92208408 997 $aUNINA LEADER 02539oam 2200553M 450 001 9910715448303321 005 20191116082330.4 035 $a(CKB)5470000002511562 035 $a(OCoLC)1065554389 035 $a(OCoLC)995470000002511562 035 $a(EXLCZ)995470000002511562 100 $a20070221d1828 ua 0 101 0 $aeng 135 $aurcn||||||||| 181 $ctxt$2rdacontent 182 $cc$2rdamedia 183 $acr$2rdacarrier 200 10$aCharges against the Creek Agent since January 1, 1826. Message from the President of the United States, transmitting the information required by a Resolution of the House of Representatives, of the 9th inst. in relation to charges preferred against the Agent of the United States for the Creek Tribe of Indians, since January 1, 1826. April 16, 1828. Read, and laid upon the table 210 1$a[Washington, D.C.] :$c[publisher not identified],$d1828. 215 $a1 online resource (30 pages) 225 1 $aHouse document / 20th Congress, 1st session. House ;$vno. 248 225 1 $a[United States congressional serial set ] ;$v[serial no. 174] 300 $aBatch processed record: Metadata reviewed, not verified. Some fields updated by batch processes. 300 $aFDLP item number not assigned. 606 $aIndians of North America$xGovernment relations 606 $aGovernmental investigations 606 $aIndian agents 606 $aIndians of North America$xClaims 606 $aImpeachments 606 $aCivil service 606 $aIndians 608 $aLegislative materials.$2lcgft 615 0$aIndians of North America$xGovernment relations. 615 0$aGovernmental investigations. 615 0$aIndian agents. 615 0$aIndians of North America$xClaims. 615 0$aImpeachments. 615 0$aCivil service. 615 0$aIndians. 701 $aAdams$b John Quincy$f1767-1848.$0202825 712 02$aUnited States.$bPresident (1825-1829 : Adams) 801 0$bWYU 801 1$bWYU 801 2$bOCLCQ 801 2$bOCLCO 906 $aBOOK 912 $a9910715448303321 996 $aCharges against the Creek Agent since January 1, 1826. Message from the President of the United States, transmitting the information required by a Resolution of the House of Representatives, of the 9th inst. in relation to charges preferred against the Agent of the United States for the Creek Tribe of Indians, since January 1, 1826. April 16, 1828. Read, and laid upon the table$93483987 997 $aUNINA